01684nam a2200253 a 4500008004100000020001500041050001500056100002300071245020000094260004900294300002200343350000900365500014700374650002500521650001200546700001700558995014800575995015000723995014900873999001701022952012401039952013401163952013301297120416s1990 ||||||||||||||||| || u a9280807323 aSB 451 Lan aLandauer, Kathleen10aTropical home gardens : selected papers from an international workshop held at the Institute of Ecology, Padjadjaran University, Bandung, Indonesia, 2-9 December 1985cedited by Kathleen Landauer aTokyobUnited Nations University Pressc1990 axv, 257 p. : ill. a0.00 aselected papers from an international workshop held at the institute of ecology, Padjadjaran University, Bandung, Indonesia, 2-9 December 1985 aGARDENING -- TROPICS aTROPICS aBrazil, Mark aANNEX COLLECTION (Main Library)D0.00e733429FCBU-MAIN LIBRARY (Kitwe)H2I24.00jSB 451 LanM2UAVAILABLEy45182ZAnnex Low-Usage Collection  aMAIN LIBRARY OPEN ACCESSD0.00e730835FCBU-MAIN LIBRARY (Kitwe)H1I24.00jSB 451 LanM1UAVAILABLEy027992ZMain Library Open Access Collection aMAIN LIBRARY OPEN ACCESSD0.00e733336FCBU-MAIN LIBRARY (Kitwe)H3I24.00jSB 451 LanM3UAVAILABLEy45150ZMain Library Open Access Collection c81447d81447 00102lcc4070a001b001cAnnex Low-Usage Collectiond2023-08-18l0oSB 451 Lanp45182r2023-08-18t1w2023-08-18y002 00102lcc4070a001b001cMain Library Open Access Collectiond2023-08-18l0oSB 451 Lanp027992r2023-08-18t2w2023-08-18y002 00102lcc4070a001b001cMain Library Open Access Collectiond2023-08-18l0oSB 451 Lanp45150r2023-08-18t3w2023-08-18y002